000 01086nam a2200253 a 4500
001 12080
003 CO-ViMGA
008 141112s2004 ck r 000 u spa d
020 _a9567967
040 _aCO-ViMGA
_bspa
_cCO-ViMGA
082 0 4 _aFr918.61562 G172
100 1 _aGarcia Bustamante, Miguel
_917085
245 1 0 _aUn pueblo de frontera :
_bVillavicencio 1840 - 1940
260 _aVillavicencio,
_cFondo Mixto de Promocion de Cultura y las Artes del Meta,
_c1997
300 _a191 p., mapas, tablas
500 _aEn : Un Pueblo de Frontera : Villavicencio 1840 - 1940; Fr 918.61562 G172
505 _aAntecedentes y fundación de Villavicencio Vias de comunicación terrestres y aereas Desarrollo económico de Villavicencio Crecimiento Urbano y vida cotidiana Lista de tablas y gráficos sobre economía - historia
590 _aEjemplares : 10
650 1 4 _aDESARROLLO URBANO - VILLAVICENCIO
_917086
650 1 4 _aFONDO REGIONAL
650 1 4 _aVILLAVICENCIO - HISTORIA 1840 - 1940
_917087
650 1 4 _aVILLAVICENCIO - VIDA SOCIAL Y COSTUMBRES
_917088
942 _2ddc
_cBK
999 _c11423
_d11423